|
|
|
|
| LEADER |
00000cam a2200000 c 4500 |
| 001 |
231068050 |
| 003 |
DE-627 |
| 005 |
20251222210007.0 |
| 007 |
tu |
| 008 |
970722s1997 gw ||||| 00| ||ger c |
| 015 |
|
|
|a 97,N31,0779
|2 dnb
|
| 015 |
|
|
|a 97,A37,1050
|2 dnb
|
| 016 |
7 |
|
|a 950792675
|2 DE-101
|
| 020 |
|
|
|a 3518289225
|c : ca. DM 24.80 (kart.)
|9 3-518-28922-5
|
| 024 |
3 |
|
|a 9783518289228
|
| 035 |
|
|
|a (DE-627)231068050
|
| 035 |
|
|
|a (DE-576)057275319
|
| 035 |
|
|
|a (DE-599)GBV231068050
|
| 035 |
|
|
|a (OCoLC)231704009
|
| 035 |
|
|
|a (AT-OBV)AC01891634
|
| 035 |
|
|
|a (DE-604)8114462682
|
| 040 |
|
|
|a DE-627
|b ger
|c DE-627
|e rakwb
|
| 041 |
|
|
|a ger
|
| 044 |
|
|
|c XA-DE-HE
|
| 060 |
|
0 |
|a HQ 1075
|
| 082 |
0 |
|
|a 306.81/094
|
| 084 |
|
|
|a 51
|2 sdnb
|
| 084 |
|
|
|a NN 1400
|2 rvk
|0 (DE-625)rvk/126552:
|
| 084 |
|
|
|a EC 1680
|2 rvk
|0 (DE-625)rvk/20418:
|
| 084 |
|
|
|a EC 5137
|2 rvk
|0 (DE-625)rvk/20595:12022
|
| 084 |
|
|
|a GG 4735
|2 rvk
|0 (DE-625)rvk/40124:13548
|
| 084 |
|
|
|a DH 1000
|2 rvk
|0 (DE-625)rvk/19572:761
|
| 084 |
|
|
|a EC 5910
|2 rvk
|0 (DE-625)rvk/20615:
|
| 084 |
|
|
|a EC 5410
|2 rvk
|0 (DE-625)rvk/20606:
|
| 084 |
|
|
|a EC 1850
|2 rvk
|0 (DE-625)rvk/20432:
|
| 084 |
|
|
|a 18.00
|2 bkl
|
| 084 |
|
|
|a 17.93
|2 bkl
|
| 084 |
|
|
|a 71.31
|2 bkl
|
| 084 |
|
|
|a 71.22
|2 bkl
|
| 084 |
|
|
|a 15.34
|2 bkl
|
| 245 |
0 |
0 |
|a Text und Geschlecht
|b Mann und Frau in Eheschriften der frühen Neuzeit
|c hrsg. von Rüdiger Schnell
|
| 250 |
|
|
|a 1. Aufl.
|
| 264 |
|
1 |
|a Frankfurt am Main
|b Suhrkamp
|c 1997
|
| 300 |
|
|
|a 330 S.
|c 18 cm
|
| 336 |
|
|
|a Text
|b txt
|2 rdacontent
|
| 337 |
|
|
|a ohne Hilfsmittel zu benutzen
|b n
|2 rdamedia
|
| 338 |
|
|
|a Band
|b nc
|2 rdacarrier
|
| 490 |
0 |
|
|a Suhrkamp-Taschenbuch Wissenschaft
|v 1322
|
| 500 |
|
|
|a Literaturangaben
|
| 583 |
1 |
|
|a Archivierung/Langzeitarchivierung gewährleistet
|f SSG
|x XA-DE-BW
|2 pdager
|5 DE-21
|
| 648 |
|
4 |
|a Geschichte 1400-1600
|
| 650 |
|
2 |
|a Gender Identity
|
| 655 |
|
7 |
|a Konferenzschrift
|y 1994
|z Basel
|0 (DE-588)1071861417
|0 (DE-627)826484824
|0 (DE-576)433375485
|2 gnd-content
|
| 689 |
0 |
0 |
|d s
|0 (DE-588)4222106-7
|0 (DE-627)105004707
|0 (DE-576)210278455
|a Geschlechterrolle
|g Motiv
|2 gnd
|
| 689 |
0 |
1 |
|d s
|0 (DE-588)4275336-3
|0 (DE-627)104440503
|0 (DE-576)210714182
|a Ehestandsliteratur
|2 gnd
|
| 689 |
0 |
2 |
|d s
|0 (DE-588)4059664-3
|0 (DE-627)104704659
|0 (DE-576)209131586
|a Textsorte
|2 gnd
|
| 689 |
0 |
3 |
|a z
|2 gnd
|a Geschichte 1400-1600
|
| 689 |
0 |
|
|5 DE-101
|
| 700 |
1 |
|
|a Schnell, Rüdiger
|d 1942-
|e Hrsg.
|0 (DE-588)120062852
|0 (DE-627)080420265
|0 (DE-576)292020686
|4 edt
|
| 856 |
4 |
2 |
|u http://www.gbv.de/dms/hbz/toc/ht007607363.pdf
|m V:DE-605
|q pdf/application
|v 2008-11-15
|x Verlag
|y Inhaltsverzeichnis
|3 Inhaltsverzeichnis
|7 1
|
| 935 |
|
|
|a mkri
|
| 935 |
|
|
|i Blocktest
|
| 936 |
r |
v |
|a NN 1400
|b Einzelbeiträge zur Geschichte des Gesamtzeitraumes
|k Geschichte
|k Neuere Geschichte
|k Neuere Geschichte insgesamt
|k Darstellungen
|k Einzelbeiträge zur Geschichte des Gesamtzeitraumes
|0 (DE-627)1271297094
|0 (DE-625)rvk/126552:
|0 (DE-576)201297094
|
| 936 |
r |
v |
|a EC 1680
|b Einzelne Methoden
|k Allgemeine und vergleichende Sprach- und Literaturwissenschaft. Indogermanistik. Außereuropäische Sprachen und Literaturen
|k Allgemeine und vergleichende Literaturwissenschaft.
|k Methoden der Literaturwissenschaft
|k Vergleichende Literaturwissenschaft
|k Einzelne Methoden
|0 (DE-627)1270728792
|0 (DE-625)rvk/20418:
|0 (DE-576)200728792
|
| 936 |
r |
v |
|a EC 5137
|b Stoffe und Motive
|k Allgemeine und vergleichende Sprach- und Literaturwissenschaft. Indogermanistik. Außereuropäische Sprachen und Literaturen
|k Allgemeine und vergleichende Literaturwissenschaft.
|k Literaturgeschichte
|k Einzelne Epochen
|k Neuzeit insges.
|k Stoffe und Motive
|0 (DE-627)1271870142
|0 (DE-625)rvk/20595:12022
|0 (DE-576)201870142
|
| 936 |
r |
v |
|a GG 4735
|b e
|k Germanistik. Niederlandistik. Skandinavistik
|k Deutsche Literatur
|k Renaissance, Humanismus, Reformation
|k Literaturgeschichte
|k Geschichte der Gattungen
|k Sonstiges (A-Z)
|k e
|0 (DE-627)1271990458
|0 (DE-625)rvk/40124:13548
|0 (DE-576)201990458
|
| 936 |
r |
v |
|a DH 1000
|b Allgemeines und Deutschland
|k Pädagogik
|k Geschlechtsspezifische Aspekte der Bildung
|k Allgemeines und Deutschland
|0 (DE-627)1270707027
|0 (DE-625)rvk/19572:761
|0 (DE-576)200707027
|
| 936 |
r |
v |
|a EC 5910
|b Einzelne Ideen
|k Allgemeine und vergleichende Sprach- und Literaturwissenschaft. Indogermanistik. Außereuropäische Sprachen und Literaturen
|k Allgemeine und vergleichende Literaturwissenschaft.
|k Literaturgeschichte
|k Geistes- und Ideengeschichte
|k Einzelne Ideen
|0 (DE-627)1270750186
|0 (DE-625)rvk/20615:
|0 (DE-576)200750186
|
| 936 |
r |
v |
|a EC 5410
|b Einzelne Stoffe und Motive
|k Allgemeine und vergleichende Sprach- und Literaturwissenschaft. Indogermanistik. Außereuropäische Sprachen und Literaturen
|k Allgemeine und vergleichende Literaturwissenschaft.
|k Literaturgeschichte
|k Stoff- und Motivgeschichte
|k Einzelne Stoffe und Motive
|0 (DE-627)1270710796
|0 (DE-625)rvk/20606:
|0 (DE-576)200710796
|
| 936 |
r |
v |
|a EC 1850
|b Einzelne Richtungen der Literaturtheorie
|k Allgemeine und vergleichende Sprach- und Literaturwissenschaft. Indogermanistik. Außereuropäische Sprachen und Literaturen
|k Allgemeine und vergleichende Literaturwissenschaft.
|k Literaturtheorie, Literaturphilosophie, Literaturästhetik
|k Einzelne Richtungen der Literaturtheorie
|0 (DE-627)1270728903
|0 (DE-625)rvk/20432:
|0 (DE-576)200728903
|
| 936 |
b |
k |
|a 18.00
|j Einzelne Sprachen und Literaturen allgemein
|0 (DE-627)106405403
|
| 936 |
b |
k |
|a 17.93
|j Literarische Stoffe
|j literarische Motive
|j literarische Themen
|0 (DE-627)106404490
|
| 936 |
b |
k |
|a 71.31
|j Geschlechter und ihr Verhalten
|0 (DE-627)106412655
|
| 936 |
b |
k |
|a 71.22
|j Ehe
|x Soziologie
|0 (DE-627)106412442
|
| 936 |
b |
k |
|a 15.34
|j Europäische Geschichte 1492-1789
|0 (DE-627)181569574
|
| 951 |
|
|
|a BO
|
| ELC |
|
|
|b 1
|
| LOK |
|
|
|0 000 xxxxxcx a22 zn 4500
|
| LOK |
|
|
|0 001 3170357883
|
| LOK |
|
|
|0 003 DE-627
|
| LOK |
|
|
|0 004 231068050
|
| LOK |
|
|
|0 005 20040521000000
|
| LOK |
|
|
|0 008 040521||||||||||||||||ger|||||||
|
| LOK |
|
|
|0 040
|a DE-21
|c DE-627
|d DE-21
|
| LOK |
|
|
|0 852
|a DE-21
|
| LOK |
|
|
|0 852 1
|c 44 A 4715
|9 00
|
| LOK |
|
|
|0 938
|l 7
|8 2
|
| LOK |
|
|
|0 939
|a 21-05-04
|b l01
|
| LOK |
|
|
|0 000 xxxxxcx a22 zn 4500
|
| LOK |
|
|
|0 001 3170357964
|
| LOK |
|
|
|0 003 DE-627
|
| LOK |
|
|
|0 004 231068050
|
| LOK |
|
|
|0 005 20100406130718
|
| LOK |
|
|
|0 008 050823||||||||||||||||ger|||||||
|
| LOK |
|
|
|0 040
|a DE-21-32c
|c DE-627
|d DE-21-32c
|
| LOK |
|
|
|0 541
|e 97/261
|
| LOK |
|
|
|0 852
|a DE-21-32c
|
| LOK |
|
|
|0 852 1
|c R 1028
|m p
|9 00
|
| LOK |
|
|
|0 935
|a k32c
|
| LOK |
|
|
|0 938
|k p
|
| LOK |
|
|
|0 939
|a 23-08-05
|b l01
|
| LOK |
|
|
|0 000 xxxxxcx a22 zn 4500
|
| LOK |
|
|
|0 001 3170357972
|
| LOK |
|
|
|0 003 DE-627
|
| LOK |
|
|
|0 004 231068050
|
| LOK |
|
|
|0 005 19990308000000
|
| LOK |
|
|
|0 008 971013||||||||||||||||ger|||||||
|
| LOK |
|
|
|0 040
|a DE-21-108
|c DE-627
|d DE-21-108
|
| LOK |
|
|
|0 092
|o l
|
| LOK |
|
|
|0 541
|e 329/97 G
|
| LOK |
|
|
|0 852
|a DE-21-108
|
| LOK |
|
|
|0 852 1
|c HA 328.342
|m p
|9 00
|
| LOK |
|
|
|0 936ln
|0 1295264676
|a HA 328
|
| LOK |
|
|
|0 936ln
|0 1295986337
|a HB 350
|
| LOK |
|
|
|0 936ln
|0 129646332X
|a HB 779
|
| LOK |
|
|
|0 938
|k p
|
| LOK |
|
|
|0 939
|a 13-10-97
|b l01
|
| LOK |
|
|
|0 000 xxxxxcx a22 zn 4500
|
| LOK |
|
|
|0 001 3170358820
|
| LOK |
|
|
|0 003 DE-627
|
| LOK |
|
|
|0 004 231068050
|
| LOK |
|
|
|0 005 19970812000000
|
| LOK |
|
|
|0 008 970812||||||||||||||||ger|||||||
|
| LOK |
|
|
|0 040
|a DE-Frei85
|c DE-627
|d DE-Frei85
|
| LOK |
|
|
|0 852
|a DE-Frei85
|
| LOK |
|
|
|0 852 1
|m p
|9 00
|
| LOK |
|
|
|0 938
|k p
|
| LOK |
|
|
|0 939
|a 12-08-97
|b l01
|
| ORI |
|
|
|a SA-MARC-krimdoka001.raw
|
| SIG |
|
|
|a UB: 44 A 4715
|
| TIM |
|
|
|a 100014000101_100016001231
|b Geschichte 1400-1600
|